Management strategy and tactics

Contents: Perspectives on management strategy and tactics; Strategy and tactics of management; Critical areas for tomorrow's managers

Gespeichert in:
Bibliographische Detailangaben
1. Verfasser: Hutchinson, John G.
Format: Buch
Sprache:Undetermined
Veröffentlicht: New York Holt, Rinehart and Winston 1971
Schlagworte:
Tags: Tag hinzufügen
Keine Tags, Fügen Sie den ersten Tag hinzu!
Thư viện lưu trữ: Trung tâm Học liệu Trường Đại học Cần Thơ
LEADER 00670nam a2200205Ia 4500
001 CTU_185932
008 210402s9999 xx 000 0 und d
020 |c 15.68 
082 |a 658.4 
082 |b H976 
100 |a Hutchinson, John G. 
245 0 |a Management strategy and tactics 
245 0 |c John G. Hutchinson 
260 |a New York 
260 |b Holt, Rinehart and Winston 
260 |c 1971 
520 |a Contents: Perspectives on management strategy and tactics; Strategy and tactics of management; Critical areas for tomorrow's managers 
650 |a Management,Quản trị 
904 |i Giang 
980 |a Trung tâm Học liệu Trường Đại học Cần Thơ